LEADER 01592nam a2200361 a 4500 001 000000155266 003 CaOOAMICUS 005 20161019111231.0 008 161019s2014 it u000 u ita r 020 $a978-88-315-4457-3* 032 $aLibriCat 040 $aPUL$bita 082 04$a220.7 130 0 $aBiblia.$pN.T.$pAd Thessalonicenses I-II.$lItaliano.$0(OLS)http://pul/title/43053 245 10$a1-2 Tessalonicesi /$cnuova versione, introduzione e commento di Rinaldo Fabris. 246 33$aTessalonicesi 260 $aMilano :$bPaoline ;$aMilano :$bFiglie di San Paolo,$cİ2014. 300 $a341 p. ;$c24 cm. 490 1 $aLibri biblici. Nuovo Testamento ;$v13 504 $aInclude riferimenti bibliografici. 630 04$aBiblia.$pN.T.$pAd Thessalonicenses I-II$xCommenti.$0(OLS)http://pul/subject/6280 700 1 $aFabris, Rinaldo,$d1936-$0(OLS)http://pul/name/1111 830 2$aI libri biblici.$pNuovo Testamento ;$v13.$0(OLS)http://pul/title/66327 850 $aPUL 852 $aPUL$W1$xSL Religione 3$y85$m220. 7 COLL 2.13$j178328$qDDC 21$B181546$CPULBib$Z2$F181546 $H128218 $81 941 1 $a9 996 $6020$a978-88-315-4457-3*$9(OLS)http://pul/number/161338 996 $6082$a220.7$9(OLS)http://pul/classification/1816 996 $6245$a1-2 Tessalonicesi$9(OLS)http://pul/title/194909 996 $6246$aTessalonicesi$9(OLS)http://pul/title/194910 996 $6260$aMilano :$bPaoline$9(OLS)http://pul/publisher/60808 996 $6260$aMilano :$bFiglie di San Paolo$9(OLS)http://pul/publisher/61975 LEADER 01056nam a2200265 u 4500 001 000000113306 003 CaOOAMICUS 005 20081002132238.0 008 081002s2008 it u000 u ita r 040 $aPUL$bita$dLDB 041 1 $aita$aeng 100 1 $aRorty, Richard,$d1931-2007.$0(OLS)http://pul/name/52627 245 14$aUn'etica per i laici /$cRichard Rorty ; introduzione di Gianni Vattimo. 260 $aTorino :$bBollati Boringhieri,$cc2008. 300 $a42 p. ;$c20 cm. 490 1 $aSguardi ;$v04 650 4$aEtica.$0(OLS)http://pul/subject/547 650 14$aLaici.$0(OLS)http://pul/subject/212 700 1 $aVattimo, Gianni,$d1936-$0(OLS)http://pul/name/9011 830 0$aSguardi ;$v04.$0(OLS)http://pul/title/142384 850 $aPUL 852 $aPUL$W1$xSL Religione 3$y85$m210 RORRI 1$j129497$qDDC 21$B128545$CPULBib$Z2$F128545 $H108326 $82 941 1 $a9 996 $6245$aUn'etica per i laici$9(OLS)http://pul/title/142383 996 $6260$aTorino :$bBollati Boringhieri$9(OLS)http://pul/publisher/47883